แสดงรายละเอียดบรรณานุกรม
  กลับหน้าหลัก

Brief Record : Get Marc (ISO 2709) : E-mail record : QR code ปิดหน้าต่าง
หนังสืออ้างอิง : เกี่ยวกับ Collections
LEADER 00000nama 2200000uu 4500
008    040531s|||| th m m a000 0 tha d
041    tha
050    อ DS589.ข284 ข285 2540
100    เรียบเรียง ชวน รุ่งศิรินันท์พร...[และคนอื่นๆ].
245    ขอนแก่น 200 ปี : สุดยอดเมืองหลักภาคอีสาน พ.ศ. 2540.
260    กรุงเทพฯ. ฟิวเจอร์ เพรส. 2540.
300    130หน้า.
600    ชวน รุ่งศิรินันท์ ผู้เรียบเรียง.
650    ขอนแก่น--ภูมิประเทศและการท่องเที่ยว.
995    002
999    ^aใช้งานได้ทุกระบบ
รายการนี้ยังไม่มีแท็ก
คุณยังไม่ได้ล็อกอิน คุณสามารถมีกิจกรรมร่วมกับเว็บไซต์ได้ แต่ต้องล็อกอินก่อน ::
  ล็อกอิน
ลำดับที่ ประเภท เลขเรียก สถานที่ สถานะ
1. หนังสืออ้างอิง
หนังสืออ้างอิง
อ DS589.ข284 ข285 2540  
  
ชั้นหนังสืออ้างอิง On Shelf
   [แสดง 1/1 รายการ]

BibComment


ยังไม่เคยถูกคอมเมนท์

คอมเมนท์ทรัพยากรรายการนี้
  คอมเมนท์: ขอนแก่น 200 ปี ส..
Bib 195436

 
 
 

 Union Library Management : ULibM
Copyright 2026. All Rights Reserved.
скачать бесплатно без регистрации порно красивый секс HD Sex Hindi sex

xxx gou

xxxx

bfxxx

xxxwww

Секса Видео

xxxx

Секса Видео

detube

geilexxx

C99 Shell

worms shell

blod xxx video
Ebony Coed Rihanna Rimes Takes A Dick In Her Young Twat priyaa indian fuck anal and pusssy hardcore indian women xxx desi hardcore fucking part 1 bengalixxxcouple